000 00231nam a22000857a 4500
008 161015b xxu||||| |||| 00| 0 eng d
100 _9862
_aParent.N.
245 _aOodles of Poodles: Jo.Jo's Circus Train
260 _aChina
_bParadise
_c1998
999 _c3515
_d3515